[Event "GBR-ch71"]
[Site "Brighton"]
[Date "1984.08.02"]
[Round "4"]
[White "Buchanan, Walter F"]
[Black "Vaidya, Arun B"]
[Result "0-1"]
[WhiteElo "2160"]
[BlackElo "2370"]
[PlyCount "74"]
[EventDate "1984.07.30"]
[EventType "swiss"]
[EventRounds "11"]
[EventCountry "GBR"]
[SourceTitle "BritBase"]
[Source "John Saunders"]
[SourceDate "2020.09.07"]
[SourceVersion "1"]
[SourceVersionDate "2020.09.07"]
[SourceQuality "2"]

1. e4 c5 2. Nf3 e6 3. d4 cxd4 4. Nxd4 Nf6 5. Nc3 d6 6. Be2 Nc6 7. O-O Be7 8.
Be3 O-O 9. f4 e5 10. Nb3 exf4 11. Bxf4 Ne8 12. Qd2 Be6 13. Nd5 Bxd5 14. exd5
Ne5 15. Nd4 Bf6 16. c4 g6 17. Rac1 Bg7 18. Kh1 Rc8 19. Nf3 Nxf3 20. Bxf3 b6 21.
Rfe1 Rc7 22. Re2 Re7 23. Rce1 Rxe2 24. Rxe2 Bf6 25. Re4 Qc7 26. Bd1 Ng7 27. Ba4
Rd8 28. Bc6 Be5 29. Bxe5 dxe5 30. Qg5 f6 31. Qe3 Nf5 32. Qc3 Nd4 33. Ba4 Rc8
34. h3 Qxc4 35. Qa3 Qf1+ 36. Kh2 Rc1 37. Qe7 Qg1+ 0-1

[Event "GBR-ch71"]
[Site "Brighton"]
[Date "1984.08.02"]
[Round "4"]
[White "Carr, Neil L"]
[Black "Ravikumar, Vaidyanathan"]
[Result "1-0"]
[WhiteElo "2310"]
[BlackElo "2385"]
[PlyCount "73"]
[EventDate "1984.07.30"]
[EventType "swiss"]
[EventRounds "11"]
[EventCountry "GBR"]
[SourceTitle "BritBase"]
[Source "John Saunders"]
[SourceDate "2020.09.07"]
[SourceVersion "1"]
[SourceVersionDate "2020.09.07"]
[SourceQuality "2"]

1. e4 c5 2. d4 cxd4 3. c3 d3 4. Bxd3 Nc6 5. f4 d6 6. Nf3 g6 7. O-O Bg7 8. Bc4
Nf6 9. Qe2 O-O 10. Rd1 Qc7 11. Na3 a6 12. Kh1 b5 13. Bd3 Bb7 14. Bd2 Nd7 15.
Rac1 Rfe8 16. b4 e5 17. c4 bxc4 18. Bxc4 exf4 19. b5 axb5 20. Nxb5 Qb8 21. Bxf4
Nde5 22. Nxd6 Re7 23. Nxf7 Rxf7 24. Nxe5 Nxe5 25. Bxe5 Qxe5 26. Rd7 Bxe4 27.
Bxf7+ Kh8 28. Re1 Rb8 29. Rdd1 Qf6 30. Qxe4 Qxf7 31. Qe7 Qg8 32. a4 h5 33. Qe6
Qh7 34. Qe8+ Rxe8 35. Rxe8+ Qg8 36. Rxg8+ Kxg8 37. a5 1-0

[Event "GBR-ch71"]
[Site "Brighton"]
[Date "1984.08.02"]
[Round "4"]
[White "Chandler, Murray G"]
[Black "Mithrakanth, Poorna Sharma"]
[Result "1-0"]
[WhiteElo "2540"]
[BlackElo "2365"]
[PlyCount "87"]
[EventDate "1984.07.30"]
[EventType "swiss"]
[EventRounds "11"]
[EventCountry "GBR"]
[SourceTitle "BritBase"]
[Source "John Saunders"]
[SourceDate "2020.09.07"]
[SourceVersion "1"]
[SourceVersionDate "2020.09.07"]
[SourceQuality "2"]

1. e4 c5 2. Nf3 e6 3. d4 cxd4 4. Nxd4 Nf6 5. Nc3 d6 6. g4 h6 7. h4 Nc6 8. Rg1
d5 9. exd5 Nxd5 10. Nxd5 exd5 11. Bb5 Bd7 12. Be3 a6 13. Bxc6 bxc6 14. Qe2 Be7
15. O-O-O g6 16. h5 g5 17. f4 O-O 18. Nf5 gxf4 19. Bb6 Qxb6 20. Qxe7 Qd8 21.
Nxh6+ Kh7 22. Qe5 Kxh6 23. g5+ Kh7 24. g6+ fxg6 25. hxg6+ Kg8 26. Qh5 Qe7 27.
g7 Rfb8 28. Qh8+ Kf7 29. Qh7 Qe3+ 30. Kb1 Rxb2+ 31. Ka1 Rb1+ 32. Rxb1 Qd4+ 33.
c3 Qxc3+ 34. Rb2 Rg8 35. Qg6+ Ke7 36. Kb1 Qe5 37. Rb7 Kd8 38. Qg5+ Qxg5 39.
Rxg5 f3 40. Rb8+ Bc8 41. Rb3 Be6 42. Rxf3 c5 43. Rg6 Kd7 44. Rff6 1-0

[Event "GBR-ch71"]
[Site "Brighton"]
[Date "1984.08.02"]
[Round "4"]
[White "Davies, Nigel Rodney"]
[Black "Clarke, Thomas M"]
[Result "1/2-1/2"]
[WhiteElo "2340"]
[BlackElo "2080"]
[PlyCount "114"]
[EventDate "1984.07.30"]
[EventType "swiss"]
[EventRounds "11"]
[EventCountry "GBR"]
[SourceTitle "BritBase"]
[Source "John Saunders"]
[SourceDate "2020.09.07"]
[SourceVersion "1"]
[SourceVersionDate "2020.09.07"]
[SourceQuality "2"]

1. d4 f5 2. g3 Nf6 3. Bg2 g6 4. c4 Bg7 5. Nc3 d6 6. e3 O-O 7. Nge2 Nc6 8. d5
Ne5 9. b3 Rb8 10. O-O Bd7 11. Bb2 c5 12. Qc2 a6 13. a4 Qe8 14. f4 Neg4 15. Nd1
b5 16. axb5 axb5 17. h3 Nh6 18. Ra7 bxc4 19. bxc4 Ra8 20. Rxa8 Qxa8 21. Nf2 Rb8
22. Ra1 Qb7 23. Bc3 Be8 24. Nc1 Nh5 25. g4 Bxc3 26. Qxc3 Ng7 27. g5 Nf7 28.
Nfd3 Ra8 29. Kf2 Rxa1 30. Qxa1 h6 31. h4 hxg5 32. hxg5 Qd7 33. Bf3 Qa4 34. Qxa4
Bxa4 35. Nb2 Bd7 36. Bd1 e6 37. dxe6 Bxe6 38. Nb3 Nd8 39. Na5 Kf8 40. Nd3 Ke7
41. Ne1 Kd7 42. Nf3 Kc7 43. Be2 Kb6 44. Nb3 Nc6 45. Nh4 Ne7 46. Ke1 Ne8 47. Kd2
d5 48. cxd5 Bxd5 49. Nc1 Nd6 50. Bd3 c4 51. Bc2 Kc5 52. Ne2 Nb5 53. Ba4 Nd6 54.
Nc3 Kb4 55. Bc2 Bc6 56. Na2+ Ka3 57. Nc3 Kb4 1/2-1/2

[Event "GBR-ch71"]
[Site "Brighton"]
[Date "1984.08.02"]
[Round "4"]
[White "Dawson, Craig R"]
[Black "Shaw, Robert"]
[Result "1-0"]
[WhiteElo "2300"]
[BlackElo "2050"]
[PlyCount "86"]
[EventDate "1984.07.30"]
[EventType "swiss"]
[EventRounds "11"]
[EventCountry "GBR"]
[SourceTitle "BritBase"]
[Source "John Saunders"]
[SourceDate "2020.09.07"]
[SourceVersion "1"]
[SourceVersionDate "2020.09.07"]
[SourceQuality "2"]

1. c4 e6 2. g3 d5 3. Bg2 c5 4. Nf3 Nc6 5. O-O Nf6 6. cxd5 exd5 7. d4 Be7 8.
dxc5 O-O 9. Nbd2 Bxc5 10. Nb3 Bb6 11. Nbd4 Re8 12. e3 Ne4 13. b3 Bg4 14. Nxc6
bxc6 15. Qc2 Bxf3 16. Bxf3 Qf6 17. Bxe4 Rxe4 18. Bb2 Qe6 19. Ba3 c5 20. Rac1 c4
21. Rfd1 d4 22. exd4 Bxd4 23. bxc4 Re2 24. Rxd4 Rxc2 25. Rxc2 h6 26. Rd1 Qa6
27. Bd6 Rc8 28. c5 Rc6 29. Bf4 Qa4 30. Rdc1 Qa3 31. Be3 h5 32. h4 g6 33. Rd1
Qa5 34. Rcd2 Rxc5 35. Rd8+ Kh7 36. Bxc5 Qxc5 37. R8d7 Kg8 38. Re1 Qa5 39. Ree7
Qxa2 40. Rxa7 Qb1+ 41. Kg2 Qb3 42. Rxf7 Qd5+ 43. Rf3 Qe4 1-0

[Event "GBR-ch71"]
[Site "Brighton"]
[Date "1984.08.02"]
[Round "4"]
[White "Dunnington, Angus J"]
[Black "Waddingham, Graham A"]
[Result "1/2-1/2"]
[WhiteElo "2325"]
[BlackElo "2215"]
[PlyCount "76"]
[EventDate "1984.07.30"]
[EventType "swiss"]
[EventRounds "11"]
[EventCountry "GBR"]
[SourceTitle "BritBase"]
[Source "John Saunders"]
[SourceDate "2020.09.07"]
[SourceVersion "1"]
[SourceVersionDate "2020.09.07"]
[SourceQuality "2"]

1. d4 d5 2. Nc3 g6 3. e4 dxe4 4. Nxe4 Bg7 5. Nf3 Nd7 6. Bc4 h6 7. O-O Nb6 8.
Bb3 e6 9. Bf4 Ne7 10. Be5 O-O 11. Re1 Bd7 12. Nc5 Qc8 13. Qe2 Ned5 14. Bxg7
Kxg7 15. Qe5+ Nf6 16. Ne4 Qd8 17. Nxf6 Qxf6 18. Qxc7 Rac8 19. Qe5 Rfd8 20.
Qxf6+ Kxf6 21. Ne5 Be8 22. c3 a5 23. a3 Rc7 24. Nd3 Bb5 25. Ne5 Be8 26. h3 Nc8
27. Rad1 h5 28. Rd3 b5 29. Rf3+ Kg7 30. Nd3 Nb6 31. Rfe3 Bc6 32. Nf4 Bd7 33. d5
exd5 34. Re7 Rc5 35. R7e5 Bc8 36. Rd1 Kf6 37. Re2 Bf5 38. Red2 Be6 1/2-1/2

[Event "GBR-ch71"]
[Site "Brighton"]
[Date "1984.08.02"]
[Round "4"]
[White "Hartston, William Roland"]
[Black "Conquest, Stuart"]
[Result "0-1"]
[WhiteElo "2440"]
[BlackElo "2300"]
[PlyCount "102"]
[EventDate "1984.07.30"]
[EventType "swiss"]
[EventRounds "11"]
[EventCountry "GBR"]
[SourceTitle "BritBase"]
[Source "John Saunders"]
[SourceDate "2020.09.07"]
[SourceVersion "1"]
[SourceVersionDate "2020.09.07"]
[SourceQuality "2"]

1. e4 d6 2. d4 Nf6 3. Nc3 g6 4. Be2 Bg7 5. h4 h5 6. Nf3 c6 7. a4 a5 8. Bf4 Qb6
9. Qd2 Ng4 10. Nd1 e5 11. dxe5 dxe5 12. Be3 Nxe3 13. Qxe3 Qb4+ 14. c3 Qe7 15.
Bc4 f6 16. Nd2 Bh6 17. Qd3 Nd7 18. Ne3 Nc5 19. Qe2 Be6 20. Bxe6 Qxe6 21. O-O
Rd8 22. Rfd1 Kf7 23. b4 Nd3 24. bxa5 Nf4 25. Qf1 Nd3 26. Ndc4 Nc5 27. Rxd8 Rxd8
28. Qb1 Bxe3 29. Nxe3 Qb3 30. Qxb3+ Nxb3 31. Rd1 Rxd1+ 32. Nxd1 Nxa5 33. Ne3
Ke6 34. f3 Nb3 35. Nc4 Nc5 36. Nb2 f5 37. exf5+ gxf5 38. Kf2 f4 39. g3 fxg3+
40. Kxg3 b6 41. Kf2 e4 42. f4 Kf5 43. Ke3 Kg4 44. Nc4 Kxh4 45. Nxb6 Kg3 46. Nc4
h4 47. a5 h3 48. a6 h2 49. a7 h1=Q 50. a8=Q Qg1+ 51. Kd2 Qf2+ 0-1

[Event "GBR-ch71"]
[Site "Brighton"]
[Date "1984.08.02"]
[Round "4"]
[White "Hasan, Younus"]
[Black "Crouch, Colin S"]
[Result "1/2-1/2"]
[WhiteElo "2290"]
[BlackElo "2360"]
[PlyCount "29"]
[EventDate "1984.07.30"]
[EventType "swiss"]
[EventRounds "11"]
[EventCountry "GBR"]
[SourceTitle "BritBase"]
[Source "John Saunders"]
[SourceDate "2020.09.07"]
[SourceVersion "1"]
[SourceVersionDate "2020.09.07"]
[SourceQuality "2"]

1. e4 c5 2. Nf3 d6 3. d4 Nf6 4. Nc3 cxd4 5. Qxd4 a6 6. Be3 Nc6 7. Qb6 Bg4 8.
Qxb7 Bd7 9. O-O-O Rb8 10. Qxa6 g6 11. Bb5 Ra8 12. Qb7 Rb8 13. Qa6 Ra8 14. Qb7
Rb8 15. Qa6 1/2-1/2

[Event "GBR-ch71"]
[Site "Brighton"]
[Date "1984.08.02"]
[Round "4"]
[White "Hawkes, Robert"]
[Black "Garwell, Jane"]
[Result "1-0"]
[WhiteElo "2365"]
[BlackElo "2100"]
[PlyCount "79"]
[EventDate "1984.07.30"]
[EventType "swiss"]
[EventRounds "11"]
[EventCountry "GBR"]
[SourceTitle "BritBase"]
[Source "John Saunders"]
[SourceDate "2020.09.07"]
[SourceVersion "1"]
[SourceVersionDate "2020.09.07"]
[SourceQuality "2"]

1. e4 e6 2. d3 d5 3. Nd2 Nc6 4. Ngf3 Nf6 5. c3 Be7 6. Be2 O-O 7. O-O b6 8. e5
Nd7 9. d4 f6 10. Bb5 Ncb8 11. Re1 f5 12. Qe2 a5 13. Kh1 Kh8 14. Rg1 Ba6 15.
Bxa6 Nxa6 16. g4 c5 17. Nf1 Nc7 18. gxf5 Rxf5 19. Ng3 Rf7 20. Rg2 Qf8 21. Ng1
Nb8 22. Nh3 g6 23. Qg4 Nc6 24. Be3 Rc8 25. Rag1 cxd4 26. cxd4 b5 27. Ne2 Rf5
28. Nhf4 Qf7 29. Qh3 g5 30. Nh5 Rg8 31. Qg4 Nb4 32. h4 Nd3 33. f4 h6 34. hxg5
Rg6 35. Nhg3 Kg8 36. Nxf5 exf5 37. Qh3 Kf8 38. gxh6 Rxg2 39. Rxg2 Qh7 40. Rg7
1-0

[Event "GBR-ch71"]
[Site "Brighton"]
[Date "1984.08.02"]
[Round "4"]
[White "Hodgson, Julian M"]
[Black "Ravisekhar, Raja"]
[Result "1/2-1/2"]
[WhiteElo "2450"]
[BlackElo "2430"]
[PlyCount "46"]
[EventDate "1984.07.30"]
[EventType "swiss"]
[EventRounds "11"]
[EventCountry "GBR"]
[SourceTitle "BritBase"]
[Source "John Saunders"]
[SourceDate "2020.09.07"]
[SourceVersion "1"]
[SourceVersionDate "2020.09.07"]
[SourceQuality "2"]

1. e4 c5 2. f4 e6 3. Nf3 d5 4. Bb5+ Nc6 5. Ne5 Bd7 6. Bxc6 Bxc6 7. Nxc6 bxc6 8.
Qe2 c4 9. b3 cxb3 10. axb3 Nf6 11. Nc3 Be7 12. O-O O-O 13. e5 Nd7 14. d4 c5 15.
dxc5 Bxc5+ 16. Kh1 f5 17. Na4 Be7 18. Be3 Qc8 19. Ra2 Qc6 20. Nb2 Bc5 21. Nd3
Bxe3 22. Qxe3 Qb6 23. Qe2 Rfc8 1/2-1/2

[Event "GBR-ch71"]
[Site "Brighton"]
[Date "1984.08.02"]
[Round "4"]
[White "Howell, James C"]
[Black "Granat, Russell"]
[Result "1/2-1/2"]
[WhiteElo "2340"]
[BlackElo "2265"]
[PlyCount "139"]
[EventDate "1984.07.30"]
[EventType "swiss"]
[EventRounds "11"]
[EventCountry "GBR"]
[SourceTitle "BritBase"]
[Source "John Saunders"]
[SourceDate "2020.09.07"]
[SourceVersion "1"]
[SourceVersionDate "2020.09.07"]
[SourceQuality "2"]

1. e4 Nc6 2. Nf3 e5 3. Bc4 Bc5 4. c3 d6 5. O-O Bg4 6. d3 Nf6 7. b4 Bb6 8. Nbd2
a5 9. b5 Ne7 10. d4 Ng6 11. dxe5 Nxe5 12. Be2 Bxf3 13. Bxf3 O-O 14. Nb3 Nxf3+
15. Qxf3 Qe8 16. Re1 Qxb5 17. Nd4 Qh5 18. Qxh5 Nxh5 19. Rb1 Rae8 20. Ba3 Bc5
21. Bxc5 dxc5 22. Nb5 Re7 23. Rbd1 g6 24. f3 Rfe8 25. Kf2 Ng7 26. f4 Ne6 27.
Kf3 f6 28. Na3 Nd8 29. Nc4 b6 30. Rd5 Nb7 31. a4 c6 32. Rdd1 b5 33. Na3 b4 34.
Nc4 Rc7 35. Re3 Kf8 36. Red3 Ree7 37. e5 fxe5 38. Nxe5 c4 39. Nxc4 Nc5 40. Rd8+
Kg7 41. Nxa5 bxc3 42. R8d4 c2 43. Rc1 Ra7 44. Nxc6 Nb3 45. Rxc2 Nxd4+ 46. Nxd4
Rxa4 47. Ne2 Ra3+ 48. Kf2 Rea7 49. Rc3 Rxc3 50. Nxc3 Kf6 51. Nd5+ Kf5 52. Kf3
Ra4 53. Ne3+ Ke6 54. g3 Kd6 55. Kg4 Kc5 56. Kg5 Kd4 57. Ng4 Ra5+ 58. Kh6 Ke4
59. Nf6+ Kf5 60. Nxh7 Ra2 61. h3 Ra3 62. g4+ Kxf4 63. Kxg6 Rxh3 64. g5 Rg3 65.
Kf6 Ra3 66. Nf8 Kg4 67. g6 Rf3+ 68. Ke7 Kh5 69. g7 Rg3 70. Kf7 1/2-1/2

[Event "GBR-ch71"]
[Site "Brighton"]
[Date "1984.08.02"]
[Round "4"]
[White "Johansen, Darryl Keith"]
[Black "Hawksworth, John C"]
[Result "1-0"]
[WhiteElo "2440"]
[BlackElo "2340"]
[PlyCount "33"]
[EventDate "1984.07.30"]
[EventType "swiss"]
[EventRounds "11"]
[EventCountry "GBR"]
[SourceTitle "BritBase"]
[Source "John Saunders"]
[SourceDate "2020.09.07"]
[SourceVersion "1"]
[SourceVersionDate "2020.09.07"]
[SourceQuality "2"]

1. c4 c5 2. g3 g6 3. Bg2 Bg7 4. Nc3 Nc6 5. Nf3 e6 6. d4 Nxd4 7. Nxd4 cxd4 8.
Ne4 f5 9. Nd6+ Kf8 10. Qb3 Be5 11. Qa3 Kg7 12. Bf4 Bf6 13. c5 Ne7 14. O-O Nc6
15. b4 b5 16. cxb6 e5 17. Bh6+ 1-0

[Event "GBR-ch71"]
[Site "Brighton"]
[Date "1984.08.02"]
[Round "4"]
[White "Lane, Gary William"]
[Black "Thipsay, Praveen Mahadeo"]
[Result "0-1"]
[WhiteElo "2310"]
[BlackElo "2445"]
[PlyCount "82"]
[EventDate "1984.07.30"]
[EventType "swiss"]
[EventRounds "11"]
[EventCountry "GBR"]
[SourceTitle "BritBase"]
[Source "John Saunders"]
[SourceDate "2020.09.07"]
[SourceVersion "1"]
[SourceVersionDate "2020.09.07"]
[SourceQuality "2"]

1. e4 e5 2. Nf3 Nc6 3. Bc4 Nf6 4. d3 Bc5 5. c3 d6 6. O-O Qe7 7. Bb3 h6 8. Nbd2
O-O 9. Re1 a6 10. Nf1 Be6 11. Ng3 Ba7 12. h3 Kh7 13. d4 Bxb3 14. axb3 g6 15.
Be3 Ng8 16. Qd3 Nb8 17. Nh2 Nd7 18. Rf1 Rae8 19. f4 exd4 20. Bxd4 Nc5 21. Bxc5
Bxc5+ 22. Kh1 Nf6 23. Rae1 Nd7 24. Nf3 Bb6 25. Re2 Nc5 26. Qc2 Ne6 27. Qd2 Qd8
28. Nh2 Qh4 29. Rf3 Ng7 30. f5 Qg5 31. Ng4 f6 32. fxg6+ Qxg6 33. Qf4 Re6 34.
Nf5 Nh5 35. Qd2 Qg5 36. Qe1 Rfe8 37. Ngxh6 Rxe4 38. Nf7 Rxe2 39. Nxg5+ fxg5 40.
Qxe2 Rxe2 41. Nd4 Rxb2 0-1

[Event "GBR-ch71"]
[Site "Brighton"]
[Date "1984.08.02"]
[Round "4"]
[White "Lawton, Geoffrey W"]
[Black "James, Stephen C"]
[Result "1-0"]
[WhiteElo "2385"]
[BlackElo "2140"]
[PlyCount "35"]
[EventDate "1984.07.30"]
[EventType "swiss"]
[EventRounds "11"]
[EventCountry "GBR"]
[SourceTitle "BritBase"]
[Source "John Saunders"]
[SourceDate "2020.09.07"]
[SourceVersion "1"]
[SourceVersionDate "2020.09.07"]
[SourceQuality "2"]

1. e4 c6 2. d4 d5 3. exd5 cxd5 4. c4 Nf6 5. Nc3 e6 6. Nf3 Be7 7. cxd5 Nxd5 8.
Bd3 O-O 9. O-O Nc6 10. Re1 Bf6 11. Be4 h6 12. a3 b6 13. Nxd5 exd5 14. Bc2 Ne7
15. Ne5 Bf5 16. Ba4 Rc8 17. g4 Bh7 18. Nd7 1-0

[Event "GBR-ch71"]
[Site "Brighton"]
[Date "1984.08.02"]
[Round "4"]
[White "Martin, Andrew D"]
[Black "Hebden, Mark L"]
[Result "1/2-1/2"]
[WhiteElo "2445"]
[BlackElo "2480"]
[PlyCount "90"]
[EventDate "1984.07.30"]
[EventType "swiss"]
[EventRounds "11"]
[EventCountry "GBR"]
[SourceTitle "BritBase"]
[Source "John Saunders"]
[SourceDate "2020.09.07"]
[SourceVersion "1"]
[SourceVersionDate "2020.09.07"]
[SourceQuality "2"]

1. c3 Nf6 2. d4 g6 3. Bg5 Bg7 4. Nd2 O-O 5. e4 d6 6. Ngf3 Nc6 7. Bb5 h6 8. Bh4
a6 9. Bc4 Nh5 10. O-O Qe8 11. Re1 e5 12. dxe5 Nxe5 13. Nxe5 Qxe5 14. a4 Qf4 15.
Bg3 Nxg3 16. hxg3 Qe5 17. Qb3 Qe7 18. Nf1 h5 19. Rad1 h4 20. gxh4 Qxh4 21. Nh2
Qe7 22. Nf3 Bg4 23. Rd3 c6 24. Nh2 Bc8 25. Qd1 b5 26. Bb3 Rd8 27. Nf3 Bb7 28.
axb5 axb5 29. Qd2 Rd7 30. Qf4 c5 31. Bd5 Bxd5 32. Rxd5 Ra2 33. Red1 Rxb2 34.
Rxd6 Rxd6 35. Rxd6 Rb1+ 36. Kh2 Bh6 37. Qg3 Qxe4 38. Rf6 Rd1 39. Qc7 Qc4 40.
Qb8+ Kg7 41. Qc7 Qd5 42. Qe7 Kg8 43. Ne5 Bf8 44. Qe8 Re1 45. Rxg6+ fxg6 1/2-1/2

[Event "GBR-ch71"]
[Site "Brighton"]
[Date "1984.08.02"]
[Round "4"]
[White "Murshed, Niaz"]
[Black "Gallagher, Joseph G"]
[Result "0-1"]
[WhiteElo "2405"]
[BlackElo "2295"]
[PlyCount "83"]
[EventDate "1984.07.30"]
[EventType "swiss"]
[EventRounds "11"]
[EventCountry "GBR"]
[SourceTitle "BritBase"]
[Source "John Saunders"]
[SourceDate "2020.09.07"]
[SourceVersion "1"]
[SourceVersionDate "2020.09.07"]
[SourceQuality "2"]

1. d4 Nf6 2. Nf3 e6 3. c4 c5 4. e3 d5 5. cxd5 exd5 6. Be2 Nc6 7. O-O Bd6 8.
dxc5 Bxc5 9. a3 a6 10. b4 Ba7 11. Bb2 O-O 12. Qd3 h6 13. Nbd2 Be6 14. Nd4 Nxd4
15. Bxd4 Bxd4 16. Qxd4 Qd6 17. Rfd1 Rad8 18. Bf3 Bf5 19. Rac1 Rfe8 20. Rc5 b6
21. Rcc1 Qe6 22. h3 Rc8 23. Be2 a5 24. Ba6 Rxc1 25. Rxc1 axb4 26. axb4 Ne4 27.
Bb5 Nxd2 28. Qxd2 Rd8 29. Qd4 Qg6 30. Rc6 Rd6 31. Qxb6 Be4 32. g4 Qf6 33. Qb8+
Rd8 34. Qg3 Qa1+ 35. Bf1 Bd3 36. Qg2 d4 37. e4 Be2 38. e5 d3 39. Rd6 Rc8 40. b5
Bxf1 41. Qd5 Be2+ 42. Kg2 0-1

[Event "GBR-ch71"]
[Site "Brighton"]
[Date "1984.08.02"]
[Round "4"]
[White "Needham, Teresa"]
[Black "O'Hara, Michael J"]
[Result "1-0"]
[WhiteElo "2075"]
[BlackElo "2215"]
[PlyCount "123"]
[EventDate "1984.07.30"]
[EventType "swiss"]
[EventRounds "11"]
[EventCountry "GBR"]
[SourceTitle "BritBase"]
[Source "John Saunders"]
[SourceDate "2020.09.07"]
[SourceVersion "1"]
[SourceVersionDate "2020.09.07"]
[SourceQuality "2"]

1. e4 e5 2. Nf3 Nc6 3. Bb5 a6 4. Bxc6 dxc6 5. O-O Bg4 6. h3 h5 7. Re1 Qf6 8. d3
Bc5 9. Be3 Bxf3 10. Qxf3 Qxf3 11. gxf3 Bxe3 12. fxe3 O-O-O 13. Kf2 g5 14. Rg1
f6 15. Nd2 Ne7 16. f4 exf4 17. exf4 Rdg8 18. fxg5 fxg5 19. Rg3 h4 20. Rg4 Ng6
21. Nf3 Nf4 22. Rh1 Rh5 23. Ke3 c5 24. Nxg5 Ng2+ 25. Rxg2 Rhxg5 26. Rg4 Rxg4
27. hxg4 Rxg4 28. Kf3 Rg3+ 29. Kf2 Rg4 30. Rh3 Kd7 31. a4 Ke6 32. Kf3 Rg1 33.
Rxh4 Rc1 34. Rh2 c6 35. Ke3 b5 36. Rh6+ Kd7 37. Kd2 Ra1 38. axb5 axb5 39. c3
Rb1 40. Kc2 Re1 41. b4 c4 42. Kd2 Rg1 43. dxc4 bxc4 44. Rh5 Rg3 45. Rc5 Rd3+
46. Kc2 Re3 47. Rxc4 Kd6 48. Kb3 Re1 49. Rd4+ Kc7 50. c4 Rb1+ 51. Kc3 Rc1+ 52.
Kd3 Rb1 53. c5 Re1 54. Kd2 Rh1 55. Ke3 Rf1 56. e5 Rh1 57. Kf3 Re1 58. Kf4 Rh1
59. e6 Rh4+ 60. Ke5 Rh5+ 61. Kf6 Rh6+ 62. Kf7 1-0

[Event "GBR-ch71"]
[Site "Brighton"]
[Date "1984.08.02"]
[Round "4"]
[White "Parameswaran, Tiruchi N"]
[Black "Fuller, Keith"]
[Result "1-0"]
[WhiteElo "2365"]
[BlackElo "2175"]
[PlyCount "31"]
[EventDate "1984.07.30"]
[EventType "swiss"]
[EventRounds "11"]
[EventCountry "GBR"]
[SourceTitle "BritBase"]
[Source "John Saunders"]
[SourceDate "2020.09.07"]
[SourceVersion "1"]
[SourceVersionDate "2020.09.07"]
[SourceQuality "2"]

1. d4 e6 2. c4 Bb4+ 3. Bd2 Qe7 4. a3 Bxd2+ 5. Qxd2 Nf6 6. Nf3 Nc6 7. e3 e5 8.
dxe5 Nxe5 9. Be2 O-O 10. Nc3 d6 11. Nd5 Qd8 12. O-O Be6 13. Rfd1 Re8 14. Nxe5
dxe5 15. Qb4 b6 16. Nxb6 1-0

[Event "GBR-ch71"]
[Site "Brighton"]
[Date "1984.08.02"]
[Round "4"]
[White "Plaskett, H James"]
[Black "Levene, Mark"]
[Result "1-0"]
[WhiteElo "2470"]
[BlackElo "2205"]
[PlyCount "69"]
[EventDate "1984.07.30"]
[EventType "swiss"]
[EventRounds "11"]
[EventCountry "GBR"]
[SourceTitle "BritBase"]
[Source "John Saunders"]
[SourceDate "2020.09.07"]
[SourceVersion "1"]
[SourceVersionDate "2020.09.07"]
[SourceQuality "2"]

1. Nf3 c5 2. e4 d6 3. Bb5+ Nd7 4. c3 Ngf6 5. Qe2 g6 6. d4 a6 7. Ba4 b5 8. Bc2
e5 9. a4 Rb8 10. O-O Bg7 11. Rd1 Qc7 12. axb5 axb5 13. Na3 Qb6 14. dxe5 dxe5
15. c4 b4 16. Nb5 O-O 17. Rd6 Qd8 18. Nxe5 Nxe5 19. Rxd8 Rxd8 20. Bf4 Nh5 21.
Bg5 f6 22. Be3 Bg4 23. f3 Be6 24. b3 f5 25. exf5 Bxf5 26. Bxf5 gxf5 27. Rd1 Bf8
28. Rxd8 Rxd8 29. Bg5 Be7 30. Bxe7 Nf4 31. Qxe5 Rd1+ 32. Kf2 Nd3+ 33. Ke2 Re1+
34. Kxd3 Rxe5 35. Bd6 1-0

[Event "GBR-ch71"]
[Site "Brighton"]
[Date "1984.08.02"]
[Round "4"]
[White "Strauss, David J"]
[Black "Watson, William N"]
[Result "1/2-1/2"]
[WhiteElo "2425"]
[BlackElo "2450"]
[PlyCount "79"]
[EventDate "1984.07.30"]
[EventType "swiss"]
[EventRounds "11"]
[EventCountry "GBR"]
[SourceTitle "BritBase"]
[Source "John Saunders"]
[SourceDate "2020.09.07"]
[SourceVersion "1"]
[SourceVersionDate "2020.09.07"]
[SourceQuality "2"]

1. d4 Nf6 2. c4 g6 3. Nc3 Bg7 4. Bg5 d6 5. e3 c6 6. Nf3 Qa5 7. Qd2 Bg4 8. Bh4
Bxf3 9. gxf3 Nbd7 10. Be2 O-O 11. a3 Qh5 12. Bg3 Qh3 13. f4 d5 14. Bf1 Qe6 15.
cxd5 Nxd5 16. Bg2 Nxc3 17. bxc3 Qc4 18. Rc1 e6 19. Qe2 Qb3 20. O-O Qxa3 21. Rb1
Nb6 22. c4 Qe7 23. Rfc1 f5 24. Qa2 Rfd8 25. Rb3 h5 26. h4 Nc8 27. Rcb1 Nd6 28.
c5 Nb5 29. Rxb5 cxb5 30. Rxb5 Rd7 31. c6 bxc6 32. Bxc6 Rc8 33. Bxd7 Rc1+ 34.
Kh2 Qxd7 35. Rc5 Rd1 36. Qb3 Ra1 37. f3 Kh7 38. Bf2 Qa4 39. Qxa4 Rxa4 40. Rc6
1/2-1/2

[Event "GBR-ch71"]
[Site "Brighton"]
[Date "1984.08.02"]
[Round "4"]
[White "Yeo, Michael J"]
[Black "Levitt, Jonathan"]
[Result "1/2-1/2"]
[WhiteElo "2205"]
[BlackElo "2370"]
[PlyCount "75"]
[EventDate "1984.07.30"]
[EventType "swiss"]
[EventRounds "11"]
[EventCountry "GBR"]
[SourceTitle "BritBase"]
[Source "John Saunders"]
[SourceDate "2020.09.07"]
[SourceVersion "1"]
[SourceVersionDate "2020.09.07"]
[SourceQuality "2"]

1. e4 e6 2. d4 d5 3. Nc3 Bb4 4. Nge2 Nf6 5. e5 Ne4 6. a3 Nxc3 7. Nxc3 Bxc3+ 8.
bxc3 Qd7 9. Qg4 O-O 10. Bd3 Kh8 11. Qh4 f5 12. exf6 gxf6 13. Bg6 Qe7 14. Bh6
Rg8 15. Bxh7 Qxh7 16. Qxf6+ Rg7 17. Bxg7+ Qxg7 18. Qd8+ Qg8 19. Qxc7 Nc6 20.
O-O-O Qg5+ 21. f4 Qe7 22. Qxe7 Nxe7 23. h4 Nf5 24. g4 Ne3 25. Rdg1 Bd7 26. Rg3
Nc4 27. f5 exf5 28. gxf5 Bxf5 29. Rg5 Bh7 30. Rxd5 Rf8 31. Rc5 Nxa3 32. Ra5 Nc4
33. Rxa7 Rf2 34. Ra2 Be4 35. Rg1 Rh2 36. Kd1 Bf3+ 37. Kc1 Be4 38. Kd1 1/2-1/2

[Event "GBR-ch71"]
[Site "Brighton"]
[Date "1984.08.03"]
[Round "5"]
[White "Baker, Chris W"]
[Black "Needham, Teresa"]
[Result "1-0"]
[WhiteElo "2235"]
[BlackElo "2075"]
[PlyCount "75"]
[EventDate "1984.07.30"]
[EventType "swiss"]
[EventRounds "11"]
[EventCountry "GBR"]
[SourceTitle "BritBase"]
[Source "John Saunders"]
[SourceDate "2020.09.07"]
[SourceVersion "1"]
[SourceVersionDate "2020.09.07"]
[SourceQuality "2"]

1. d4 d5 2. c4 e6 3. Nc3 c5 4. e3 Nf6 5. Nf3 Nc6 6. a3 cxd4 7. exd4 a5 8. c5
Be7 9. Bb5 O-O 10. Bxc6 bxc6 11. Ne5 Qc7 12. Bf4 Qb7 13. O-O Nd7 14. Nd3 Bf6
15. Bd6 Bxd4 16. Bxf8 Kxf8 17. Qg4 e5 18. Ne2 Nf6 19. Qg3 Ne4 20. Qh4 Bf5 21.
Nxd4 exd4 22. Rfd1 Re8 23. f3 Nf6 24. Qxd4 Re2 25. b4 a4 26. Re1 Qe7 27. Kf1
Rxe1+ 28. Rxe1 Qc7 29. Ne5 Ne8 30. Qe3 f6 31. Nxc6 Bd7 32. Qe7+ Kg8 33. Qxe8+
Bxe8 34. Rxe8+ Kf7 35. Re7+ Qxe7 36. Nxe7 Kxe7 37. Ke2 h5 38. Kd3 1-0